000 00471nam a2200169Ia 4500
999 _c28346
_d28346
003 OSt
005 20201127092933.0
008 190216s9999||||xx |||||||||||||| ||und||
040 _coclc
082 _a894.8123
_bVIN/A
100 _aVinayachandran, N
_96627
245 0 _aAnavarambu /
_cN Vinayachandran
260 _bHaritham Books,
_aKozhikode:
_c2002.
300 _a63p
650 _aNovel
942 _cBK
_2ddc
_h894.8123
_iVIN/A
_k894.8123
_mVIN/A